Possible future country flags - Statistics

General Stats
  • This quiz has been taken 55 times
  • The average score is 6 of 10
Answer Stats
Picture Answer % Correct
Kurdistan
86%
Catalonia
83%
Somaliland
76%
Western Sahara
71%
South Ossetia
69%
Flanders
64%
Abkhazia
60%
West Papua
31%
Donetsk People's Republic
19%
Chuuuk
10%
No matching quizzes found
Score Distribution
Percent of People with Each Score
Percentile by Number Answered
Your Score History
You have not taken this quiz